| 000 | 00370 a2200157 4500 | ||
|---|---|---|---|
| 001 | 47344 | ||
| 020 | _a8516050238(broch.) | ||
| 040 | _cAnchieta - Aquarius | ||
| 100 | _aMaia, João Domingues | ||
| 240 | 1 | 0 |
_a=Auto da barca do inferno _lpor |
| 245 | 1 | 0 | _a=Auto da barca do inferno |
| 300 | _a96p. | ||
| 362 | 0 | _a2006 | |
| 650 | 4 | _aLiteratura brasileira | |
| 942 | _cBK | ||
| 999 |
_c47344 _d47344 |
||